000 00672nam a2200229Ia 4500
005 20250508163624.0
008 008 250505s9999 xx 000 0 eng d
020 _a0-13-914219-3
037 _aTextual
040 _aFEDL
_beng
_cFEDL
041 _aeng
_2eng
084 _a158.4, GIL
_qFEDL
100 _aGilliland Burl E.
_9775806
245 0 _aTheories and strategies in counseling and psychotherapy
250 _a2nd
260 _aBoston, USA
_bAllyn and Bacon
_c1989
300 _aviii,342p.
650 _aApplied Psychology
700 _a James Richard K. Bowman James T.
_9775807
942 _cTEXL
_h158.4, GIL
999 _c1384392
_d1384392